LEADER 00987cam0-22003491i-450- 001 990006985120403321 005 20120326154046.0 010 $a88-86498-96-9 035 $a000698512 035 $aFED01000698512 035 $a(Aleph)000698512FED01 035 $a000698512 100 $a20011026d2000----km-y0itay50------ba 101 0 $aita 102 $aIT 105 $aa---a---001yy 200 1 $a<>cittą antiche cosmogoniche$fGiuliano Della Pergola 210 $aTorino$cTesto & Immagine$d2000 215 $a94 p.$cill.$d24 cm 225 1 $aUniversale di architettura$v74 610 0 $aCittą$aStoria 676 $a711.09$v21$zita 700 1$aDella Pergola,$bGiuliano$f<1938- >$024286 801 0$aIT$bUNINA$gRICA$2UNIMARC 901 $aBK 912 $a990006985120403321 952 $aCollez. 1947 (74)$b37167$fFSPBC 952 $aARCH B 2277$b18431$fFARBC 959 $aFSPBC 959 $aFARBC 996 $aCittą antiche cosmogoniche$9701064 997 $aUNINA LEADER 02097nam 2200445 450 001 9910794279303321 005 20201125110829.0 010 $a1-62894-403-X 035 $a(CKB)4100000011371302 035 $a(MiAaPQ)EBC6271187 035 $a(EXLCZ)994100000011371302 100 $a20201125d2020 uy 0 101 0 $aeng 135 $aurcnu|||||||| 181 $ctxt$2rdacontent 182 $cc$2rdamedia 183 $acr$2rdacarrier 200 10$aMobilization day $eamericans debate militarism, 1914-1924 /$fRoger Possner 210 1$aNew York, United States of America :$cAlgora Publishing,$d2020. 215 $a1 online resource (279 pages) $cillustrations 311 $a1-62894-401-3 311 $a1-62894-402-1 320 $aIncludes bibliographical references. 327 $aMilitarism : armored and brainless? 1914-1915 -- Peace, war and peace, 1916-1918 -- Who were the militarists? 1919-1920 -- Bolshevism or rheumatism? Red scare, 1919-1920 -- Neither masses nor classes : American Legion, 1919-1924 -- Soldiers and ships, 1920-1922 -- A navy second to none, 1921-1922 -- Mobilization Day, 1924 -- Militarism in the new era. 330 $a"America has a fine tradition, mostly forgotten, of opposition to military values and large military forces. This study of the debate from 1914-1928 documents major events of the period and shows how militarists and anti-militarists contended to persuade Americans which policies were best to preserve national security"--$cProvided by publisher. 606 $aPeace movements 607 $aUnited States$xMilitary policy$xPublic opinion 607 $aUnited States$xPolitics and government$y1913-1921 607 $aUnited States$xPolitics and government$y1921-1923 607 $aUnited States$xPolitics and government$y1923-1929 615 0$aPeace movements. 676 $a327.172097309041 700 $aPossner$b Roger$f1942-$01578466 801 0$bMiAaPQ 801 1$bMiAaPQ 801 2$bMiAaPQ 906 $aBOOK 912 $a9910794279303321 996 $aMobilization day$93857805 997 $aUNINA